00322nam a2200133Ia 4500008004100000100001800041245002700059250001200086260003400098300000800132650002400140942000700164999001700171190216s9999||||xx |||||||||||||| ||und|| aRamavarma. Kt 0aSubsidiary Chemistry 1 a1st Ed. bKerala Bhasha Institutec1973 a675 aChemistry-Chemistry cBK c40505d40505